180 losowych Flag świata - Statystyki

Ogólne statystyki
  • Ten quiz został rozwiązany 9 razy
  • Średni wynik to 63 z 180
Statystyki odpowiedzi
Obrazkowy Hint Odpowiedź % Poprawnych
Ekwador
100%
Kanada
100%
Luksemburg
100%
Nikaragua
100%
Palau
100%
Tajwan
100%
Laos
80%
Chiny
75%
Liechtenstein
75%
Łotwa
75%
Meksyk
75%
Republika Południowej Afryki
75%
Hiszpania
67%
Iran
67%
Niemcy
67%
Wake
67%
Wielka Brytania
67%
Armenia
60%
Bangladesz
60%
Czarnogóra
60%
Ghana
60%
Grenlandia
60%
Jamajka
60%
Japonia
60%
Malta
60%
Norwegia
60%
Palestyna
60%
Serbia
60%
Walia
60%
Wybrzeże Kości Słoniowej
60%
San Marino
57%
Algieria
50%
Andora
50%
Arabia Saudyjska
50%
Argentyna
50%
Azerbejdżan
50%
Bermudy
50%
Białoruś
50%
Brazylia
50%
Bułgaria
50%
Burundi
50%
Chile
50%
Dominikana
50%
Francja
50%
Grenada
50%
Gruzja
50%
Gwatemala
50%
Gwinea
50%
Holandia
50%
Indie
50%
Kazachstan
50%
Kolumbia
50%
Komory
50%
Kosowo
50%
Kuba
50%
Lesotho
50%
Liban
50%
Mali
50%
Mozambik
50%
Pakistan
50%
Peru
50%
Polska
50%
Portugalia
50%
Saint Pierre i Miquelon
50%
Salwador
50%
Samoa
50%
Samoa Amerykańskie
50%
Słowenia
50%
Somalia
50%
Sri Lanka
50%
Szkocja
50%
Szwajcaria
50%
Turcja
50%
Urugwaj
50%
Watykan
50%
Włochy
50%
Wyspa Bożego Narodzenia
50%
Wyspy Marshalla
50%
Zambia
50%
Erytrea
43%
Finlandia
43%
Izrael
43%
Kuwejt
43%
Mongolia
43%
Nigeria
43%
Uganda
43%
Antarktyka
40%
Australia
40%
Austria
40%
Bahamy
40%
Belize
40%
Bhutan
40%
Czechy
40%
Dominika
40%
Etiopia
40%
Guernsey
40%
Gujana
40%
Gwadelupa
40%
Gwinea Bissau
40%
Gwinea Równikowa
40%
Honduras
40%
Irak
40%
Irlandia
40%
Irlandia Północna
40%
Kambodża
40%
Kenia
40%
Litwa
40%
Macedonia Północna
40%
Madagaskar
40%
Malezja
40%
Martynika
40%
Mikronezja
40%
Monako
40%
Niger
40%
Niue
40%
Nowa Zelandia
40%
Panama
40%
Paragwaj
40%
Republika Zielonego Przylądka
40%
Rosja
40%
Singapur
40%
Sudan
40%
Szwecja
40%
Tunezja
40%
Ukraina
40%
Wyspa Man
40%
Aruba
33%
Bośnia i Hercegowina
33%
Botswana
33%
Brunei
33%
Cypr
33%
Demokratyczna Republika Konga
33%
Estonia
33%
Fidżi
33%
Filipiny
33%
Gambia
33%
Grecja
33%
Gujana Francuska
33%
Howland, Jarvis i Baker
33%
Islandia
33%
Korea Północna
33%
Korea Południowa
33%
Malediwy
33%
Nowa Kaledonia
33%
Portoryko
33%
Reunion
33%
Rwanda
33%
Saba
33%
Sahara Zachodnia
33%
Sint Maarten
33%
Słowacja
33%
Stany Zjednoczone
33%
Surinam
33%
Tajlandia
33%
Tonga
33%
Tristan da Cunha
33%
Turkmenistan
33%
Tuvalu
33%
Wyspa Clippertona
33%
Wyspy Alandzkie
33%
Wyspy Dziewicze Stanów Zjednoczonych
33%
Wyspy Kokosowe
33%
Wyspy Salomona
33%
Dżibuti
29%
Gibraltar
29%
Holandia Karaibska
29%
Jemen
29%
Jersey
29%
Libia
29%
Nauru
29%
Polinezja Francuska
29%
Wyspy Świętego Tomasza i Książęca
29%
Albania
25%
Anglia
25%
Bahrajn
25%
Barbados
25%
Belgia
25%
Chorwacja
25%
Curaçao
25%
To nie USA Dalekie Wyspy Mniejsze Stanów Zjednoczonych
25%
Eswatini
25%
Guam
25%
Haiti
25%
Kajmany
25%
Kamerun
25%
Kingman
25%
Kostaryka
25%
Mołdawia
25%
Namibia
25%
Navassa
25%
Saint Kitts i Nevis
25%
Senegal
25%
Sint Eustatius
25%
Tadżykistan
25%
Timor Wschodni
25%
Tokelau
25%
Trynidad i Tobago
25%
Turks i Caicos
25%
Uzbekistan
25%
Vanuatu
25%
Wallis i Futuna
25%
Węgry
25%
Wenezuela
25%
Akrotiri
20%
Anguilla
20%
Antigua i Barbuda
20%
Brytyjskie Terytorium Oceanu Indyjskiego
20%
Brytyjskie Wyspy Dziewicze
20%
Burkina Faso
20%
Dania
20%
Dhekelia
20%
Indonezja
20%
Jordania
20%
Katar
20%
Kirgistan
20%
Liberia
20%
Majotta
20%
Makau
20%
Maroko
20%
Mauretania
20%
Mjanma
20%
Nepal
20%
Oman
20%
Papua Nowa Gwinea
20%
Rumunia
20%
Saint-Barthélemy
20%
Saint Lucia
20%
To nie Francja Saint Martin
20%
Sierra Leone
20%
To nie Norwegia Svalbard i Jan Mayen
20%
Syria
20%
Togo
20%
Wyspa Norfolk
20%
Wyspy Owcze
20%
Zimbabwe
20%
Zjednoczone Emiraty Arabskie
20%
Boliwia
17%
Czad
17%
Falklandy
17%
Gabon
17%
Johnston
17%
Kiribati
17%
Kongo
17%
Mariany Północne
17%
Mauritius
17%
Pitcairn
17%
Brytyjskie Terytorium Antarktyczne
14%
Georgia Południowa i Sandwich Południowy
14%
Afganistan
0%
Angola
0%
Benin
0%
Egipt
0%
Francuskie Terytoria Południowe i Antarktyczne
0%
Hongkong
0%
Malawi
0%
Midway
0%
Montserrat
0%
Palmyra
0%
Republika Środkowoafrykańska
0%
Saint Vincent i Grenadyny
0%
Seszele
0%
Sudan Południowy
0%
Tanzania
0%
Wietnam
0%
To nie Norwegia Wyspa Bouveta
0%
Wyspa Świętej Heleny
0%
Wyspa Wniebowstąpienia
0%
Wyspy Cooka
0%
To nie Australia Wyspy Heard i McDonalda
0%
Nie znaleziono quizów pasujących do podanych kryteriów
Rozkład punktacji
Procent ludzi z każdym wynikiem
Percentyl według liczby udzielonych odpowiedzi
Twoja historia wyników
Nie rozwiązałeś tego quizu